Countries by Random Picture #3 - Statistics

General Stats
  • This quiz has been taken 29 times
  • The average score is 10 of 16
Answer Stats
Picture Answer % Correct
Austria
90%
Indonesia
90%
Egypt
83%
Cuba
79%
United States
79%
Ireland
69%
Vietnam
69%
Venezuela
66%
Norway
62%
Somalia
62%
Bolivia
59%
Nigeria
59%
Armenia
41%
South Africa
41%
Montenegro
38%
Canada
31%
No matching quizzes found
Score Distribution
Percent of People with Each Score
Percentile by Number Answered
Your Score History
You have not taken this quiz